[Event "Subasic Memorial 3rd"]
[Site "Zenica"]
[Date "2004.12.06"]
[Round "3"]
[White "Atalik, Suat"]
[Black "Zivanic, Marko"]
[Result "1-0"]
[WhiteElo "2541"]
[BlackElo "2435"]
[Annotator "Atalik,S"]
[PlyCount "51"]
[EventDate "2004.12.05"]
[EventType "tourn"]
[EventRounds "9"]
[EventCountry "BIH"]
[EventCategory "7"]
[SourceTitle "CBM 104"]
[Source "ChessBase"]
[SourceDate "2005.01.27"]
[SourceVersion "1"]
[SourceVersionDate "2005.01.27"]
[SourceQuality "1"]

1. d4 Nf6 2. c4 e6 3. Nc3 Bb4 4. Qc2 c5 5. dxc5 Qc7 $6 {This has become a
dangerous system in this days since white is not forced to allow black to
reach a hedgehog type of set up.} (5... Bxc5 6. Nf3 Qb6 7. e3 Qc7 8. g4 $1 {
is a sister line of the game continuation.}) 6. Nf3 Bxc5 7. g3 {Simply the
best reaction to the line he has chosen.} Qb6 8. e3 a6 $5 {Not the most usual
move order.} (8... Qc7 9. g4 $1 h6 (9... Nxg4 $6 10. Rg1 Nxh2 (10... Ne5 11.
Nxe5 Qxe5 12. f4 Qf6 13. Ne4 Bb4+ 14. Bd2 Qh4+ 15. Rg3 $16) 11. Nxh2 Qxh2 12.
Rxg7 Nc6 13. Rg3 $1 $44) 10. Rg1 $36) 9. g4 $1 $146 {I did not know if I
should have combined this idea with b3 or a3, b4 so I have played it right
away.} (9. Na4 $2 Bb4+ 10. Bd2 Bxd2+ 11. Nxd2 Qc6 12. Rg1 b5 $17) (9. b3 Qc7
10. Bb2 b6 11. Be2 Bb7 12. Rg1 Nc6 13. g4 {looked very slow to me.}) 9... h6 (
9... Nxg4 $6 10. Rg1 $16 {is even worse for black now.}) (9... Qc6 10. Be2 d6
11. a3 $16) 10. Rg1 Qc6 {I was sure that he would go for a pawn sac with b5.} (
10... Qc7 11. h4) (10... Be7 11. h4 d6 12. g5 hxg5 13. hxg5 Nfd7 14. Nd4 $5 Nc6
15. g6 Nxd4 16. gxf7+ Kf8 17. exd4 Qxd4 18. Be3 Qf6 19. Ne4 Qxf7 20. O-O-O $16)
11. Be2 {His potential pawn sac did not put a scare on me however I could have
deployed my light squared bishop into the other diagonal as a prophylactic
measure.} (11. Bg2 $5 d5 (11... Qc7 12. Ne4 Nxe4 13. Qxe4 d6 14. a3 Bd7 15. b4
Bc6 16. Qd3 Ba7 17. Bb2 e5 18. Nh4 Bxg2 19. Rxg2 $16) (11... Be7 12. b3 Qc7 13.
Bb2 d5 14. cxd5 Nxd5 15. Rc1 $16) 12. Nd2 Bd6 13. h4 $16) 11... b5 $132 12.
cxb5 axb5 13. Nxb5 {There is nothing wrong with this capture but as usual it
is not the only move.} (13. Ne5 Qb6 14. Nxb5 Ba6 15. Nd3 Bxb5 16. Qxc5 Qb7 17.
a4 Rxa4 18. Rxa4 Bxa4 19. g5 hxg5 20. Qxg5 Qc7 21. e4 $5 $16) 13... Ba6 (13...
Bb4+ $6 14. Kd1 $1 {was my idea.} Qxc2+ 15. Kxc2 Na6 16. a3 Be7 17. Nc3 Nc5 18.
b4 Nce4 19. Nxe4 Nxe4 20. Bb2 O-O 21. Nd2 Nxf2 22. Raf1 Nh3 23. Rg3 Ng5 24. h4
Nh7 25. g5 hxg5 26. hxg5 Nxg5 27. Nf3 f6 28. Nxg5 fxg5 29. Rxf8+ Kxf8 30. Rh3
Bf6 (30... Bb7 $2 31. Rh8+ Kf7 32. Bh5+) 31. Rh8+ Ke7 32. Bd4 Kd6 33. a4 Bb7
34. Rxa8 Bxa8 35. a5 $18 {and the pawns walk.}) 14. Nbd4 (14. Nfd4 $6 Qb6 15.
Nb3 Bb4+ 16. Bd2 Bxd2+ 17. Nxd2 Bxb5 18. Qc8+ Ke7 19. Qxh8 Bxe2 20. Kxe2 Qa6+
21. Ke1 Nc6 22. Qxg7 Nb4 $17) 14... Qb6 (14... Qd5 15. g5 $16) 15. g5 $1 Nd5 $5
{He wants to generate some counterplay around my king and in the queenside.} (
15... hxg5 16. Rxg5 Bf8 17. a3 $16) 16. gxh6 g6 17. Bd2 ({I can not retain the
pawn using some sacrificial leitmotif like Rg6.} 17. h7 $6 Nb4 $1) 17... Bxe2
$5 (17... Nb4 18. Qb3 Bxe2 19. Bxb4 Bxf3 20. Bxc5 Qxc5 21. Nxf3 Nc6 22. Rg5 d5
23. Kd1 $1 Rb8 24. Qxb8+ $3 Nxb8 25. Rc1 $16) 18. Kxe2 {I was very much
satisfied with my king participating in the game.} (18. Nxe2 Nc6 19. a3 Ncb4
20. Qb3 Qa6 21. Nc1 Rb8 22. Rg4 $16 {was also good.}) 18... Rxh6 (18... Na6 19.
a3 Bxd4 20. Nxd4 Rxh6 21. b4 Rxh2 22. Rh1 $16 Nf4+ $140 $2 23. exf4 Rxh1 24.
Rxh1 Qxd4 25. Be3 $18) 19. a3 {Time to make use of the extra material on the
queenside.} (19. Nb3 $5 Na6 20. e4 Ndb4 21. Qc3 Rh3) (19. Qb3 Qa6+ $8 20. Qb5
Bxd4 21. Qxa6 Nxa6 22. Nxd4 Rxh2 23. Rh1 Rxh1 24. Rxh1 Ke7 25. e4 $16) (19. e4
$5 Nb4 20. Qc4 Rh5 21. Qb5 $8 Nxa2 $1 22. Qxb6 Bxb6 23. Bg5 $1 $16) 19... Rh5
$5 {It took me sometime to understand if he blundered or not.} (19... Rh8 20.
b4 Bxd4 21. Nxd4 Na6 22. b5 Nc5 23. a4 $16) (19... Rh3 20. b4 Bxd4 21. Nxd4
Rxh2 22. b5 $16 e5 $140 $2 23. Qe4 $18) 20. Rxg6 fxg6 $4 {Played this
incredibly fast!} ({I have thought that his idea was} 20... Qa6+ 21. Ke1 Nb4
22. Rg8+ Ke7 23. Bxb4 ({Absolutely unnecessary was} 23. Qxc5+ $2 Rxc5 24. Bxb4
d6 25. Bxc5 dxc5 26. Nb3 Nd7 27. Rxa8 Qxa8 28. Nbd2 $14) 23... Bxb4+ 24. Nd2
Rxh2 25. Rg1 Nc6 26. Nxc6+ dxc6 27. Rd1 Rg8 28. Rf1 Rg3 29. Qe4 Ba5 30. Qe5 $1
(30. b4 Bc7 31. Nf3 $5 f5 32. Qd4 Rxf3 33. Rd2 $3 Rg3 34. Qd7+ Kf6 35. Qxc7
Rxe3+ 36. fxe3 Rxd2 37. Rxf5+ exf5 38. Kxd2 Ke6 39. Qa5 Qf1 40. Qc5 Kd7 41.
Qd4+ Kc8 42. a4 $16 {leads to a technical win.}) 30... Rhg2 (30... Rgh3 31.
Qc5+ Ke8 32. b4 Bd8 33. Ne4 Be7 34. Nd6+ Bxd6 35. Rxd6 $18) 31. b4 Rg5 32. Qc3
Bc7 33. Ne4 Rf5 34. Rh1 $18 {and white's attack continues.}) 21. Qxg6+ Ke7 22.
Qxh5 Qxb2 23. Qg5+ $1 {So his king could not run in the queenside.} Ke8 24. Rc1
(24. Qg6+ Kd8 25. Qg8+ Kc7 26. Rc1 Ra5 27. Ne5 $18 {is a nightmare for black
since the position contains pins,crosspins and forks.}) 24... Qb6 {He has no
other choice.} (24... Nc6 25. Rxc5 Nxd4+ 26. exd4 $18) (24... Qxa3 25. Nb5 Qa6
26. Rxc5 d6 27. Qg8+ Ke7 28. Qg7+ Ke8 29. Rc8+ Qxc8 30. Nxd6+ $18) 25. e4 $1
Qa6+ 26. Ke1 {Not only black loses a piece but the attack continues.} 1-0

[Event "Aegina op"]
[Site "Aegina"]
[Date "1996.??.??"]
[Round "8"]
[White "Atalik, Suat"]
[Black "Kalesis, Nikolaos"]
[Result "1-0"]
[WhiteElo "2535"]
[BlackElo "2355"]
[Annotator "Atalik,S"]
[PlyCount "81"]
[EventDate "1996.??.??"]
[EventType "swiss"]
[EventRounds "9"]
[EventCountry "GRE"]
[SourceTitle "EXT 1997"]
[Source "ChessBase"]
[SourceDate "1996.11.15"]
[SourceVersion "1"]
[SourceVersionDate "1996.11.15"]
[SourceQuality "1"]

1. d4 Nf6 2. c4 e6 3. Nc3 Bb4 4. Qc2 c5 5. dxc5 Bxc5 6. Nf3 Be7 $6 $146 7. Bf4
Nh5 (7... O-O 8. Rd1 (8. O-O-O $5)) 8. Bd2 d6 (8... f5 9. h3 $5) 9. g4 $1 Nf6
10. g5 Nfd7 (10... Nh5 11. Bh3) 11. O-O-O a6 12. Ne4 $1 (12. Bf4 e5) 12... Qc7
(12... d5 13. cxd5 exd5 14. Nc3 Nc5 15. Bf4 Be6 16. e4) 13. Bb4 $1 (13. Bc3 O-O
14. Rg1 e5) 13... Nc5 (13... d5 14. Bxe7 dxe4 15. Bd6 Qa5 16. Qxe4 Qxa2 17. Qd4
) 14. Nxc5 dxc5 15. Bc3 f6 $8 (15... O-O 16. e3 Nc6 17. Bd3) 16. gxf6 Bxf6 17.
Bxf6 gxf6 (17... Qf4+ 18. Nd2 gxf6 (18... Qxf6 19. Ne4 Qh6+ 20. e3 O-O 21. Nxc5
$1 $16 (21. f4 $6 e5 $132 22. Rd6 $140 Qh4) (21. h4 Nc6 22. Ng5 Nb4 23. Qe4
Nxa2+ 24. Kb1 Nb4)) 19. Qe4 $1 Qxf2 $140 $2 20. Nf3 Nc6 21. Rg1 $18) 18. Qd2 $6
(18. Rg1 Qf4+ 19. Qd2 (19. Kb1 e5) 19... Qxc4+ 20. Kb1 $40) 18... Rg8 19. Bh3
Nc6 20. Rhg1 Rxg1 21. Rxg1 Qf7 $1 22. Qh6 $1 (22. Qd6 e5 23. Qd5 Ne7 $1) 22...
e5 23. Nd2 $8 Bxh3 24. Rg7 $3 Qf8 $8 (24... Qe6 25. Qh5+ Kf8 26. Qxh7 Ne7 27.
Rg3 (27. Qh8+ Ng8 28. Rg3 Bf5 29. Qg7+ $18) 27... Bg4 28. h3 f5 29. hxg4 fxg4
30. f3) 25. Ne4 $1 O-O-O $8 (25... Be6 26. Nxf6+ Kd8 27. Rd7+ $18) 26. Qxh3+ f5
27. Qxh7 $1 fxe4 28. Rc7+ (28. Rxb7 $4 Qd6) 28... Kb8 29. Rxb7+ Ka8 30. Rb6 $18
Rd1+ $8 (30... Qe7 31. Qxe4 $1 Qg5+ 32. Kc2 Qd2+ 33. Kb3 Qd1+ 34. Ka3 $18) (
30... Qf4+ 31. e3) 31. Kc2 Rd2+ $8 (31... Nb4+ 32. Rxb4) 32. Kc3 Qc8 $8 (32...
Qf3+ 33. exf3 Rd3+ 34. Kc2 Nd4+ 35. Kc1 Ne2+ 36. Kb1) 33. Rxc6 $1 Qxc6 34. Qg8+
$1 (34. Kxd2 Qd6+ 35. Kc1 Qd4 $44 36. Qg8+ Ka7 37. e3 Qd3 38. Qf7+ Kb6) 34...
Ka7 35. Kxd2 Qh6+ 36. Kc2 Qxh2 37. Qf7+ Kb6 38. Qg6+ Ka7 39. Qxe4 Qxf2 40. Qxe5
Kb6 41. a3 $18 1-0

[Event "Liechtenstein op 13th"]
[Site "Liechtenstein"]
[Date "1995.??.??"]
[Round "7"]
[White "Baburin, Alexander"]
[Black "Grooten, Herman"]
[Result "1-0"]
[WhiteElo "2490"]
[BlackElo "2340"]
[Annotator "Baburin,A"]
[PlyCount "81"]
[EventDate "1995.05.??"]
[EventType "swiss"]
[EventRounds "9"]
[EventCountry "LIE"]
[SourceTitle "CBM 059"]
[Source "ChessBase"]
[SourceDate "1997.08.01"]
[SourceVersion "1"]
[SourceVersionDate "1997.08.01"]
[SourceQuality "1"]

1. d4 Nf6 2. c4 e6 3. Nc3 Bb4 4. Qc2 c5 5. dxc5 Bxc5 6. Nf3 Qb6 7. e3 Qc7 8.
Bd3 Nc6 9. a3 a6 10. b4 Be7 11. Bb2 b6 {In this line Black usually avoids
castling too early, since then White can start a dangerous attack after g2-g4!}
12. e4 {Preparing a typical manouevre, which Black ignores completely.} Bb7 $6
{[#]} 13. Nd5 $1 {This manoevre is fairely standard, when White has a pawn on
c4 and a major piece on the c-file Black has his knight on c6 and queen on c7.}
exd5 14. cxd5 {White gets a piece back, obtaining a favourable pawn structure.
Some weakness of the e4-pawn makes further play and this game itself rather
interesting.} Rc8 ({After} 14... Qf4 15. dxc6 Bxc6 {White seizes the
initiative by} 16. O-O $1 ({but not} 16. Be5 $6 Qg4 17. h3 Qxg2 18. Ke2 Qg6 $13
)) 15. dxc6 Qxc6 ({The most testing move, as} 15... dxc6 $16 {won't be
pleasant for Black.}) 16. Qe2 $1 ({After} 16. Qxc6 dxc6 {Black would be OK.})
16... Nxe4 {In this position I spent a lot of time choosing between two
tempting continuations. Finally I got it right.} 17. Nd4 $1 (17. O-O $2 Ng5 $1)
(17. Ne5 $6 Qd5 18. Bc4 Rxc4 19. Nxc4 Nxf2 $13) 17... Qd5 18. f3 Ng5 $4 ({
I did not take this move into consideration (and indeet it is not worth
consideratng!), expecting} 18... Nd6 {Then the continuation might be follows:}
19. O-O Kf8 20. Bxa6 Bxa6 21. Qxa6 Bf6 22. Rad1 Ra8 23. Qe2 Nc4 24. Nf5 $1 $16)
19. Nf5 Ne6 20. O-O {Black cannot castle which in this position means that he
is lost.} Bc6 21. Rad1 $1 Bb5 22. Nxg7+ Nxg7 23. Bxg7 $18 Rg8 24. Rfe1 Qg5 25.
Bxb5 axb5 26. Rd5 $1 f5 27. Rxf5 Qxg7 28. Re5 Kd8 29. Rxe7 Qg6 30. Re4 h5 31.
g3 Rc3 32. Rd4 Qc6 33. Red1 Rg7 34. Qe5 Qxf3 35. Qxg7 Qe3+ 36. Kg2 Rc2+ 37. Kh3
Qe6+ 38. Kh4 Rxh2+ 39. Kg5 Qe3+ 40. Kg6 Qxg3+ 41. Kh7 1-0

[Event "FRA-ch"]
[Site "Meribel"]
[Date "1998.08.19"]
[Round "6"]
[White "Bacrot, Etienne"]
[Black "Degraeve, Jean Marc"]
[Result "1-0"]
[WhiteElo "2555"]
[BlackElo "2580"]
[Annotator "Bacrot,E"]
[PlyCount "65"]
[EventDate "1998.08.14"]
[EventType "tourn"]
[EventRounds "15"]
[EventCountry "FRA"]
[EventCategory "10"]
[SourceTitle "CBM 067"]
[Source "ChessBase"]
[SourceDate "1998.11.30"]
[SourceVersion "2"]
[SourceVersionDate "1998.11.01"]
[SourceQuality "1"]

1. d4 Nf6 2. c4 e6 3. Nc3 Bb4 4. Qc2 c5 5. dxc5 Na6 6. a3 Bxc3+ 7. Qxc3 Nxc5 8.
f3 d5 9. cxd5 b6 10. b4 Na4 11. Qc2 b5 (11... Bd7 12. dxe6 fxe6 13. e4 Rc8 14.
Qd2 $1 O-O (14... Nxe4 15. fxe4 Qh4+ 16. Qf2 Qxe4+ 17. Ne2 $16) 15. Bd3 Nh5 (
15... Qe8 16. Ne2 Bb5 17. Bxb5 Qxb5 18. O-O Rfd8 19. Qa2 $16) (15... Qe7 16.
Ne2 Rfd8 17. Qe3 $16) 16. Qg5 $3 $14) 12. e4 a6 13. Bd3 $146 Bb7 (13... O-O 14.
e5 Nxd5 15. Bxh7+ Kh8 16. Be4 $16) 14. Qf2 exd5 $2 (14... Qc7 15. Ne2 exd5 16.
Bf4 Qe7 (16... Nb2 17. Bb1 $1 Qe7 18. Nd4 $16) 17. e5 Nh5 (17... Nb2 18. Qd4
Nxd3+ 19. Qxd3 Nh5 20. O-O O-O 21. Rfe1 $16) 18. Qd4 Nxf4 19. Nxf4 f6 20. e6 g5
21. Nh5 Qxe6+ 22. Kf2 Kf7 $13) (14... O-O $1 15. Be3 (15. Ne2 Re8 $13) 15...
exd5 (15... Re8 16. Bd4 exd5 17. e5 $16) 16. e5 d4 $1 {(Fressinet)} 17. Bxd4
Ng4 18. fxg4 Bxg2 19. Qxg2 Qxd4 20. Rd1 Qxe5+ 21. Ne2 Nc3 $44) 15. e5 Qe7 16.
Qd4 (16. Qg3 Nh5 17. Qg5 Qxg5 18. Bxg5 f6 19. exf6 Nxf6 $13) 16... Nd7 (16...
O-O 17. f4 (17. Bg5 h6 18. Bh4 Rae8 19. f4 g5 $132) 17... Ne4 18. Nf3 $14) 17.
f4 f6 18. Nf3 O-O 19. O-O Rae8 20. Re1 fxe5 21. fxe5 Rxf3 22. gxf3 Nxe5 23. Kh1
Bc6 (23... Nxf3 24. Rxe7 Rxe7 25. Qf4 d4 26. Qb8+ Kf7 27. Qxb7 Rxb7 28. Be4 $18
) 24. Bf4 (24. f4 Qh4 $1 25. Rxe5 (25. Bb2 Nxb2 26. Rxe5 Rxe5 27. Qxe5 Nxd3 $11
) 25... Rxe5 26. Qxe5 d4+ 27. Kg1 Qg4+ 28. Kf2 Qf3+ 29. Ke1 Qxd3 30. Qe6+ Kf8
31. Qxc6 Nc3 $44) 24... Nxf3 25. Bxh7+ Kh8 (25... Kxh7 26. Qd3+ Qe4 27. Rxe4
dxe4 28. Qd6 Ba8 29. Qd7 Rf8 30. Be3 Nb2 31. Rg1 $16) 26. Rxe7 Nxd4 27. Rxe8+
Bxe8 28. Bd3 Nb2 29. Be5 Nxd3 30. Bxd4 Bg6 31. Rf1 Kh7 32. h4 Kh6 33. Kg2 1-0

[Event "Wuerzburg op 12th"]
[Site "Wuerzburg"]
[Date "1996.??.??"]
[Round "5.5"]
[White "Ruzele, Darius"]
[Black "Arbakov, Valentin"]
[Result "1-0"]
[WhiteElo "2465"]
[BlackElo "2455"]
[Annotator "Bulletin"]
[PlyCount "87"]
[EventDate "1996.??.??"]
[EventType "swiss"]
[EventRounds "7"]
[EventCountry "GER"]
[SourceTitle "EXT 1999"]
[Source "ChessBase"]
[SourceDate "1998.11.16"]
[SourceVersion "1"]
[SourceVersionDate "1998.11.16"]
[SourceQuality "1"]

1. d4 Nf6 2. c4 e6 3. Nc3 Bb4 4. Qc2 c5 5. dxc5 Bxc5 6. Nf3 Qb6 7. e3 Qc7 8. b3
a6 9. Bb2 Be7 10. Bd3 b6 11. Ne4 Nc6 12. a3 Bb7 13. O-O Nxe4 14. Bxe4 f5 15.
Bd3 O-O (15... Bf6 $142 $1) 16. e4 g6 17. Rfe1 a5 18. Qd2 Qd8 19. Rad1 Bf6 20.
Bb1 Rf7 21. Bxf6 Qxf6 22. Qe3 Rb8 23. Rd6 Qb2 24. Red1 Qxa3 25. exf5 exf5 26.
h4 Qc5 27. Qf4 Re8 28. h5 Re6 (28... Ne5 $142 $1 $11) 29. Rxd7 Rxd7 30. Rxd7
Re7 31. Rd5 Qa3 32. Qg5 Qa1 33. Rd1 Kf7 34. Qd2 Qf6 35. h6 Ke8 36. Ng5 Qe5 (
36... Bc8 $142) 37. Bc2 Kf8 38. f4 Qf6 39. b4 axb4 40. Ba4 Rc7 41. Qe3 Qe7 42.
Nxh7+ Kg8 43. Qxe7 Rxe7 44. Ng5 1-0

[Event "Landesliga Nord 9495"]
[Site "Bayern"]
[Date "1995.??.??"]
[Round "?.2"]
[White "Rupp, Markus"]
[Black "Karlik, Jiri"]
[Result "1-0"]
[WhiteElo "2315"]
[BlackElo "2355"]
[Annotator "Bulletin"]
[PlyCount "79"]
[EventDate "1994.10.09"]
[EventType "team-tourn"]
[EventRounds "9"]
[EventCountry "GER"]
[SourceTitle "EXT 1999"]
[Source "ChessBase"]
[SourceDate "1998.11.16"]
[SourceVersion "1"]
[SourceVersionDate "1998.11.16"]
[SourceQuality "1"]
[WhiteTeam "Bamberg SC II"]
[BlackTeam "Kelheim"]
[WhiteTeamCountry "GER"]
[BlackTeamCountry "GER"]

1. d4 Nf6 2. c4 e6 3. Nc3 Bb4 4. Qc2 c5 5. dxc5 Nc6 6. Nf3 Bxc5 7. Bg5 Nd4 8.
Nxd4 Bxd4 9. e3 Be5 10. f4 Bb8 11. Be2 Qb6 12. O-O Qxe3+ 13. Kh1 h6 14. Bxf6
gxf6 15. Rae1 Kf8 16. f5 Be5 17. fxe6 dxe6 18. Rf3 Qb6 19. Rd1 a6 20. Ne4 f5
21. Nc3 Qc7 $17 22. Qd2 b6 (22... Bxh2) 23. Rh3 Bb7 24. Rxh6 Rxh6 (24... Rg8
25. Bf1 Bf4 $17) 25. Qxh6+ Ke7 26. Qg5+ Bf6 27. Qe3 Rh8 28. h3 Kf8 29. Na4 Qc6
(29... Bxg2+ 30. Kxg2 Qc6+ $17) 30. Qa3+ Kg7 31. Qg3+ Kh6 32. Nc3 Be5 33. Qe3+
Kg6 34. Nd5 exd5 35. Qxe5 dxc4 (35... Rxh3+ 36. gxh3 $2 (36. Kg1 Qc5+ 37. Qd4
Qxd4+ 38. Rxd4 $14) 36... dxc4+ $19) 36. Rd6+ $18 Qxd6 37. Qxd6+ Kg5 38. Qg3+
Kf6 39. Qd6+ Kg5 40. Kg1 1-0

[Event "Oakham YM"]
[Site "Oakham"]
[Date "1992.??.??"]
[Round "9"]
[White "Kumaran, Dharshan"]
[Black "Hauchard, Arnaud"]
[Result "1/2-1/2"]
[WhiteElo "2375"]
[BlackElo "2420"]
[Annotator "Bulletin"]
[PlyCount "67"]
[EventDate "1992.03.??"]
[EventType "swiss"]
[EventRounds "9"]
[EventCountry "ENG"]
[SourceTitle "CBM 030"]
[Source "ChessBase"]
[SourceDate "1992.10.01"]
[SourceVersion "1"]
[SourceVersionDate "1992.10.01"]
[SourceQuality "1"]

1. d4 Nf6 2. c4 e6 3. Nc3 Bb4 4. Qc2 c5 5. dxc5 Bxc5 6. Nf3 Qb6 7. e3 Qc7 8. a3
(8. b3 a6 9. Bb2 b6 10. Be2 Be7 (10... Bb7 $5 {=/+/=}) 11. g4 $1) 8... a6 9.
Bd3 Be7 10. O-O d6 11. b4 Nbd7 12. Bb2 b6 13. Rac1 Bb7 14. Qe2 O-O 15. h3 $6
Rac8 $10 16. e4 Qb8 17. Qe3 Rfe8 18. Rfe1 Bd8 $5 {18..Bf8} 19. Rcd1 Bc7 20. Bf1
Qa8 21. Bd3 Rcd8 22. Qc1 Nf8 23. Qe3 Ng6 24. Na4 Nd7 25. Qd4 f6 26. Bc2 Qb8 27.
Bb3 Ba8 28. Nc3 Nde5 29. Nxe5 Nxe5 30. Qe3 Qb7 31. Qe2 Bb8 $1 32. Rd2 Qc7 33.
Red1 Nf7 34. Qg4 1/2-1/2

[Event "Nanjing FIDE GP (Women)"]
[Site "Nanjing"]
[Date "2009.09.30"]
[Round "3"]
[White "Shen, Yang"]
[Black "Zhao, Xue"]
[Result "0-1"]
[WhiteElo "2453"]
[BlackElo "2542"]
[Annotator "CB"]
[PlyCount "100"]
[EventDate "2009.09.28"]
[EventType "tourn"]
[EventRounds "11"]
[EventCountry "CHN"]
[EventCategory "8"]
[SourceTitle "CBM 132 Extra"]
[Source "ChessBase"]
[SourceDate "2009.11.03"]
[SourceVersion "1"]
[SourceVersionDate "2009.11.03"]
[SourceQuality "1"]

1. d4 Nf6 2. c4 e6 3. Nc3 Bb4 4. Qc2 c5 5. dxc5 Qc7 6. Nf3 a6 7. g3 Bxc5 8. Bf4
d6 9. Bg2 h6 10. Rc1 Nc6 11. O-O O-O {this appears to be a novelty here} (11...
e5 12. Nd5 Qd8 13. Be3 Bxe3 14. Nxe3 O-O 15. Rfd1 Be6 16. Qb3 (16. Qa4 Qb6 17.
Qa3 Rfd8 18. Nd5 Bxd5 19. cxd5 Nb4 20. Nh4 g6 21. Qb3 e4 22. Rc4 Nbxd5 23. Bxe4
Qxb3 24. axb3 Nxe4 25. Rxe4 Nf6 26. Red4 d5 27. Ng2 Re8 28. Ne3 Rad8 29. Kf1
Re5 30. R4d3 {1/2-1/2 Rawlings,A (2164)-Santagata,C (2216)/ICCF 1/2-1/2
Rawlings,A (2164)-Santagata,C (2216)/ICCF}) 16... Qb8 17. Qa3 Rd8 18. Nd5 Nd7
19. Rd2 Bxd5 20. cxd5 Ne7 21. Bh3 Kf8 22. e4 Nf6 23. Rdc2 Nxe4 24. Nxe5 dxe5
25. Rc7 Nd6 26. Bd7 Ne4 27. Bh3 Nd6 28. Bd7 Ne4 29. Bh3 {1/2-1/2 Fontaine,R 
(2557)-Genov,P (2489)/FRA 1/2-1/2 Fontaine,R (2557)-Genov,P (2489)/FRA}) 12. a3
Bd7 13. b4 Ba7 14. Qd3 e5 15. Bd2 (15. Be3 Bxe3 16. Qxe3 Be6 17. Qd3 Rac8 {
seems good for black}) 15... Ne7 {black has equalised} 16. Rfd1 Rac8 17. Be1
Bb8 $5 {of course not} (17... Qxc4 18. Qxd6 {with big advantage to white}) ({
However} 17... Nf5 {was playable also}) 18. Nd2 Rfd8 19. Qb1 Ba7 $1 {the
bishop has done its job and repositions on an active diagonal} 20. Nb3 Qb8 21.
c5 $1 dxc5 22. Nxc5 Bc6 $5 {black is playing for a complicate dposition and
does not wish to simplify after} (22... Bxc5 23. bxc5 Rxc5 24. Qxb7 Qxb7 25.
Bxb7 $11) 23. Bh3 Rxd1 24. Nxd1 Rd8 25. Nb2 $6 (25. Ne3) 25... b6 $1 {now
although white saves the knight black takes over the initiative} 26. Nxa6 Qb7
27. b5 {only move of course} Bxb5 28. Rc7 {white seeks counterplay in active
play but it was difficult to find something better} (28. Nc7 Bxe2 29. Bb4 b5 $1
30. Bxe7 $2 Bxf2+ $1 31. Kxf2 Qf3+ 32. Kg1 Qe3+ 33. Kh1 Bf3+ 34. Bg2 Bxg2+ 35.
Kxg2 Qe2+ {and mate shortly after}) 28... Qxa6 29. Rxe7 Bb8 30. a4 Be8 (30...
Bxe2 $17) 31. Bf1 Bd6 32. e3 Qa8 33. Rxe8+ Nxe8 {so white has lost an exchange
with very little compensation} 34. Bc4 Qb7 35. Qa2 Qe7 36. Qb3 (36. a5 bxa5 37.
Qxa5 Rb8 38. Bc3 {clearing the a-pawn was also possible}) 36... Nf6 37. Nd1 Bc5
38. Nc3 Qd7 {threatening Qh3 at some point. Actually,with the bishop on e1
black does not have the standard threat of Qh3,Ng4,Qxh2 and Qxf2 mate so must
be a bit careful in theattack} 39. Kg2 (39. Bb5 $5 Qh3 40. Bf1 Qg4 41. Bc4 Rd7
42. Qb5 $5 {threatening a5 was playable}) 39... h5 40. h4 g6 $17 41. e4 $2 {
this gives d4 square to black although white was thinking of jumping to d5 at
some point probably} Kg7 42. Be2 (42. Nd5 Nxe4 43. Nxb6 Qd1 $19) (42. Bd5 Bd4)
42... Qd4 43. Bf3 {so compared to 2 moves ago, all of a sudden black has many
squares to invade on} Qb4 44. Qc2 Bd4 45. Qd2 Rc8 $19 {the rest is easy for
black now} 46. Nb5 Qxa4 47. Nd6 Rc6 48. Bd1 Qa8 49. Nf5+ gxf5 50. Qg5+ Kh8 0-1